000 00447nam a22001817a 4500
003 MPLRDC
005 20220104182505.0
008 210129b ||||| |||| 00| 0 eng d
020 _a7-204-08832-8
082 _a859.4 LC v.2
100 _a梁川主编
245 _a小故事大启发
_c
250 _a一版一刷
260 _a中国
_b内蒙古人民出版社
_c2007
300 _b
650 _a儿童故事
942 _cBK
_o859.4 LC v.2
999 _c61977
_d61967